Pokémon - Les attaques de Charpenti - Statistiques

Statistiques générales
  • Ce quiz a été pris 11 fois
  • Le résultat moyen est 11 sur 14
Statistiques - réponses
Niveaux Types Noms des attaques % Correct
Niveau 4 Combat Balayage
100%
Niveau 20 Roche Éboulement
100%
Niveau 16 Combat Gonflette
100%
Départ Normal Groz'Yeux
100%
Niveau 8 Roche Jet-Pierres
100%
Niveau 40 Roche Lame de Roc
100%
Départ Normal Écras'Face
83%
Niveau 12 Normal Puissance
83%
Niveau 44 Combat Surpuissance
83%
Niveau 32 Combat Dynamo-Poing
67%
Niveau 36 Combat Marto-Poing
67%
Niveau 48 Combat Mitra-Poing
50%
Niveau 28 Normal Grimace
33%
Niveau 24 Normal Souplesse
17%
Aucun quiz correspondant
Distribution des résultats
% des personnes avec chaque résultat
Percentile par nombre de réponses
Votre historique - résultats
Vous n’avez pas pris ce quiz